LEADER 00906nam1 22002653i 450 001 SUN0116805 005 20180629110238.429 010 $d0.00 100 $a20180629d1806 |0itac50 ba 101 $aita 102 $aIT 140 $a||||||||| ||||||||| 200 1 $a*Testamento forense 205 $aVenezia : presso Antonio Graziosi, 1806 210 $a2 volumi$a8° cm 215 $aIndicazione di responsabilità, Giuseppe Maria Galanti, da B.V.E. 463 \1$1001SUN0116807$12001 $a*Testamento forense. 1. - Venezia : presso Antonio Graziosi, 1806 620 $dVenezia$3SUNL000080 700 1$aGalanti$b, Giuseppe Maria$3SUNV022053$036576 712 02$aGraziosi, Antonio$3SUNV090108 790 1$aGalanti, Giuseppe M.$zGalanti, Giuseppe Maria$3SUNV074280 801 $aIT$bSOL$c20181109$gRICA 912 $aSUN0116805 996 $aTestamento forense$9267021 997 $aUNICAMPANIA LEADER 00745nam0-2200277 --450 001 9910745491703321 005 20231024105515.0 100 $a20231024d1979----kmuy0itay5050 ba 101 0 $aita 102 $aIT 105 $a 001yy 200 1 $aRoma antica$ereligione, filosofia, scienza$fdi D. Sabbatucci ... et al 210 $aRoma$cJouvence$d1979 215 $a207 p.$d18 cm 225 1 $aGuide$v4 676 $a180$v23$zita 676 $a292$v20 676 $a509.37$v20 702 1$aSabbatucci,$bDario 801 0$aIT$bUNINA$gREICAT$2UNIMARC 901 $aBK 912 $a9910745491703321 952 $aFONDO PROFESSOR ANTONIO GUARINO IV M 192$bG/1391$fFGBC 959 $aFGBC 996 $aRoma antica$978530 997 $aUNINA